| 000 | 00394nam a2200145Ia 4500 | ||
|---|---|---|---|
| 008 | 230917s9999||||xx |||||||||||||| ||und|| | ||
| 040 |
_e49674 _aMAIN |
||
| 041 | _aEnglish | ||
| 082 | _a822.33 S15K:C | ||
| 100 | _aKnight, G Wilson | ||
| 245 | 0 | _aCrown of life: Essays in interpretation of Shakespeare's final plays | |
| 260 |
_aLondon _bMethuen _c1966 |
||
| 300 | _aviii, 336 p. | ||
| 942 | _cBK | ||
| 999 |
_c70658 _d70658 |
||